000 01093cab a2200289 4500
001 ABS68591
008 041220n2004 000 0 eng u
035 _a(Sirsi) u128370
100 _aO`Keeffe, J.
245 _aDefining moments
260 _c2004
490 _aWastes Management
_vDecember 2004, 42(1)
520 _aDiscusses the definition of hazardous waste with reference to national and EU waste regulations. Hazardous waste has becoming increasing defined following the implementation of the Landfill Regulations 2002 and the DEFRA consultation on new Hazardous Waste Regulations.
590 _aABS
650 _aHAZARDOUS WASTE
650 _aLEGAL DEFINITIONS
650 _aLANDFILL REGULATIONS (ENGLAND AND WALES) 2002
650 _aDIRECTIVE 75/442/EEC
650 _aDIRECTIVE 91/689/EEC
650 _aHAZARDOUS WASTES LIST
650 _aSPECIAL WASTE REGULATIONS 1996
650 _aEUROPEAN WASTE CATALOGUE
650 _aDIRECTIVE 94/904/EC
650 _aDIRECTIVE 67/548/EEC
690 _aENVIRONMENTAL AND LAND CONSULTANCY-WASTE MANAGEMENT
942 _n0
999 _c74686
_d74686